| Tag |
First Indicator |
Second Indicator |
Subfields |
| LEADER |
00000cam a2200000 i 4500 |
| 001 |
in00000097377 |
| 005 |
20171216063319.0 |
| 008 |
770126s1976 ie a b 00110 eng |
| 010 |
|
|
|a 76015689
|
| 015 |
|
|
|a Ir***
|
| 020 |
|
|
|a 0064915808 (Barnes & Noble)
|
| 035 |
|
|
|a (OCoLC)02620128
|
| 035 |
|
|
|9 AAL2833AM
|
| 040 |
|
|
|a DLC
|c DLC
|d TXA
|d UtOrBLW
|
| 043 |
|
|
|a e-uk-ni
|a e-ie---
|
| 049 |
|
|
|a TXAM
|c [1420925]
|
| 050 |
0 |
0 |
|a DA990.U46
|b D27 1976
|
| 082 |
0 |
|
|a 941.6082/4
|
| 090 |
|
|
|a DA990.U46
|b D27 1977
|
| 100 |
1 |
|
|a Darby, John
|q (John P.)
|
| 245 |
1 |
0 |
|a Conflict in Northern Ireland :
|b the development of a polarised community /
|c John Darby.
|
| 264 |
|
1 |
|a Dublin :
|b Gill and Macmillan ;
|a New York :
|b Barnes & Noble Books,
|c 1976, l977 printing.
|
| 300 |
|
|
|a xix, 268 pages :
|b illustrations ;
|c 23 cm.
|
| 336 |
|
|
|a text
|b txt
|2 rdacontent
|
| 337 |
|
|
|a unmediated
|b n
|2 rdamedia
|
| 338 |
|
|
|a volume
|b nc
|2 rdacarrier
|
| 500 |
|
|
|a Includes index.
|
| 504 |
|
|
|a Bibliography: pages 214-242.
|
| 650 |
|
0 |
|a Irish question.
|
| 651 |
|
0 |
|a Northern Ireland
|x History
|y 1968-1998.
|
| 999 |
|
|
|a MARS
|
| 999 |
f |
f |
|s 86c5c2c9-2176-3873-a4b7-37bc5facfd52
|i f2476176-efb8-3739-9077-2a943aea8898
|t 0
|
| 952 |
f |
f |
|p normal
|a Texas A&M University
|b College Station
|c Sterling C. Evans Library
|d Evans: Library Stacks
|t 0
|e DA990.U46 D27 1977
|h Library of Congress classification
|i unmediated -- volume
|m A14801948169
|
| 998 |
f |
f |
|a DA990.U46 D27 1977
|t 0
|l Evans: Library Stacks
|